00481nam a2200157Ia 4500003000400000008004100004040001600045082001600061100002000077245010200097260005100199300001000250650002200260650001700282650002400299GCL140319s9999 xx 000 0 eng d aGCL / cGCL04a333.91bL W1 aLOWI, R. MIRIAM10aWATER AND POWER: THE POLITICS OF A SCARCE RESOOURCE IN THE JORDAN RIVER BASIN / cLOWI, R. MIRIAM a[S.N] : bCAMBRIDGE UNIVERSITY PRESS ، c1995 a297 P04aPOLITICAL ASPECTS04aWATER SUPPLY04aJORDAN RIVER REGION